[Event "Collado Villalba op 40th"]
[Site "Collado Villalba"]
[Date "2023.08.23"]
[Round "2"]
[White "Pastor Alonso de Prado, Emilio Alberto"]
[Black "Alvarez Poves, Jesus"]
[Result "1/2-1/2"]
[WhiteElo "2037"]
[BlackElo "1782"]
[PlyCount "92"]
[EventDate "2023.08.22"]
[EventType "swiss"]
[EventRounds "9"]
[EventCountry "ESP"]
[SourceTitle "EXT 2024"]
[Source "ChessBase"]
[SourceDate "2023.10.10"]
[SourceVersion "1"]
[SourceVersionDate "2023.10.10"]
[SourceQuality "1"]

1. d4 Nf6 2. Nf3 g6 3. c4 Bg7 4. Nc3 0-0 5. e4 d6 6. Be2 e5 7. 0-0 Nc6 8. d5 Ne7 9. b4 Ne8 10. a4 a5 11. bxa5 Rxa5 12. Nd2 f5 13. Ba3 b6 14. f3 f4 15. Nb5 Ra8 16. Bb4 g5 17. Nb3 Rf7 18. a5 bxa5 19. Rxa5 Rxa5 20. Bxa5 Ng6 21. c5 Bf8 22. Qc2 Qd7 23. Na7 h5 24. Bb5 Qd8 25. Rc1 g4 26. cxd6 Bxd6 27. Nxc8 Qxc8 28. Qc6 Re7 29. Ba6 Qd8 30. Nc5 gxf3 31. gxf3 Nh4 32. Kf2 Rg7 33. Bf1 Qb8 34. Bd2 Nf6 35. Ke2 Qb2 36. Qb7 Qd4 37. Ne6 Qg1 38. Qc8+ Kh7 39. Nxg7 Qxh2+ 40. Kd3 Nxf3 41. Be2 Nxd2 42. Ne8 Qg3+ 43. Kxd2 Bb4+ 44. Kd1 Qb3+ 45. Rc2 Qb1+ 46. Rc1 Qb3+ 1/2-1/2

[Event "Madrid-ch U16"]
[Site "Madrid"]
[Date "2019.03.30"]
[Round "1"]
[White "Alvarez Poves, Jesus"]
[Black "Quispe Arteaga, Gabriel"]
[Result "0-1"]
[WhiteElo "1816"]
[BlackElo "2360"]
[PlyCount "66"]
[EventDate "2019.03.30"]
[EventType "swiss"]
[EventRounds "6"]
[EventCountry "ESP"]
[SourceTitle "EXT 2021"]
[Source "ChessBase"]
[SourceDate "2020.10.23"]
[SourceVersion "1"]
[SourceVersionDate "2020.10.23"]
[SourceQuality "1"]

1. d4 Nf6 2. c4 e6 3. Nc3 Bb4 4. Qc2 0-0 5. Nf3 c5 6. dxc5 Bxc5 7. Bg5 h6 8. Bxf6 Qxf6 9. g3 Nc6 10. Bg2 b6 11. 0-0 Bb7 12. Ne4 Qg6 13. Nh4 Qh7 14. Qd2 Ne5 15. Nf6+ gxf6 16. Bxb7 Rab8 17. Ba6 Rfd8 18. Rfd1 Kg7 19. Ng2 Qf5 20. Qf4 Qh5 21. Nh4 Qxe2 22. Rd2 Qh5 23. Rad1 Bb4 24. Rd4 Be7 25. Bb5 d6 26. Qe3 Kf8 27. Kh1 f5 28. Kg2 Bxh4 29. Rxh4 Qxd1 30. Qxh6+ Ke7 31. Qg5+ f6 32. Rh7+ Nf7 33. Qg6 Rf8 0-1

[Event "Madrid San Viator op-A 30th"]
[Site "Madrid"]
[Date "2018.05.13"]
[Round "5"]
[White "Garcia Galeote, Lorenzo"]
[Black "Alvarez Poves, Jesus"]
[Result "1-0"]
[WhiteElo "1972"]
[BlackElo "1755"]
[PlyCount "54"]
[EventDate "2018.04.08"]
[EventType "swiss"]
[EventRounds "9"]
[EventCountry "ESP"]
[SourceTitle "EXT 2019"]
[Source "ChessBase"]
[SourceDate "2018.10.10"]
[SourceVersion "1"]
[SourceVersionDate "2018.10.10"]
[SourceQuality "1"]

1. Nc3 Nf6 2. e4 d6 3. d4 g6 4. f4 Bg7 5. Nf3 0-0 6. Bc4 e6 7. 0-0 Re8 8. f5 exf5 9. Ng5 Rf8 10. e5 dxe5 11. dxe5 Qxd1 12. Rxd1 Ne8 13. Nxf7 Rxf7 14. Rd8 Kf8 15. Bxf7 Kxf7 16. Rxc8 Bxe5 17. Bg5 Nd6 18. Rxc7+ Kg8 19. Rd1 Nc6 20. Rd7 Nc4 21. Rxb7 f4 22. Ne4 Rf8 23. b3 Ne3 24. Rdd7 Nd4 25. Rd8 Rxd8 26. Bxd8 Nexc2 27. Nf6+ Kf8 1-0

[Event "Madrid San Viator op-B 29th"]
[Site "Madrid"]
[Date "2017.09.17"]
[Round "1"]
[White "Alvarez Poves, Jesus"]
[Black "Campos Calderon, David"]
[Result "1-0"]
[WhiteElo "1598"]
[BlackElo "1242"]
[PlyCount "81"]
[EventDate "2017.09.17"]
[EventType "swiss"]
[EventRounds "9"]
[EventCountry "ESP"]
[SourceTitle "EXT 2019"]
[Source "ChessBase"]
[SourceDate "2018.10.10"]
[SourceVersion "1"]
[SourceVersionDate "2018.10.10"]
[SourceQuality "1"]

1. d4 d5 2. c4 e6 3. Nc3 Nf6 4. Nf3 Be7 5. Bg5 0-0 6. e3 h6 7. Bh4 Ne4 8. Bxe7 Qxe7 9. Bd3 Nxc3 10. bxc3 dxc4 11. Bxc4 b6 12. 0-0 Bb7 13. Re1 Nd7 14. e4 Rfd8 15. Qc2 Nf6 16. Bd3 Rac8 17. c4 c6 18. Rab1 Qc7 19. Qb3 Rb8 20. Bc2 Rdc8 21. Qd3 Nd7 22. e5 Nf8 23. Nd2 Rd8 24. Ne4 c5 25. Nd6 Ng6 26. dxc5 Bxg2 27. Qg3 Ba8 28. Bxg6 fxg6 29. Qxg6 Qe7 30. cxb6 axb6 31. Rb3 Bc6 32. Rg3 Ra8 33. a3 Ra7 34. Qxh6 Rda8 35. Qh3 Ra5 36. Ree3 Rf8 37. Rg4 Rd8 38. Reg3 Rd7 39. Rxg7+ Qxg7 40. Qxe6+ Kf8 41. Qe8# 1-0

[Event "Madrid San Viator op-B 28th"]
[Site "Madrid"]
[Date "2017.05.07"]
[Round "5"]
[White "Alvarez Poves, Jesus"]
[Black "Rodriguez Nieto, Miguel Angel"]
[Result "0-1"]
[WhiteElo "1576"]
[BlackElo "1738"]
[PlyCount "145"]
[EventDate "2017.03.26"]
[EventType "swiss"]
[EventRounds "9"]
[EventCountry "ESP"]
[SourceTitle "EXT 2019"]
[Source "ChessBase"]
[SourceDate "2018.10.10"]
[SourceVersion "1"]
[SourceVersionDate "2018.10.10"]
[SourceQuality "1"]

1. d4 Nf6 2. c4 e6 3. Nc3 Bb4 4. Bg5 h6 5. Bh4 g5 6. Bg3 Ne4 7. Qc2 Nxg3 8. hxg3 Nc6 9. d5 Ne5 10. a3 Be7 11. 0-0-0 d6 12. f4 Ng4 13. dxe6 Bxe6 14. f5 Bd7 15. Qe4 Nf2 16. Qd4 Nxh1 17. Qxh8+ Bf8 18. Qd4 Bxf5 19. g4 Be6 20. Rd3 c5 21. Qe3 Bg7 22. Nb5 Be5 23. Nh3 a6 24. Nc3 Qf6 25. Rd1 Bd4 26. Qf3 Qxf3 27. exf3 Ng3 28. Bd3 Kd7 29. Re1 Rf8 30. Nd5 Re8 31. Kc2 Bxd5 32. Rxe8 Kxe8 33. cxd5 Ke7 34. b3 Kf6 35. Bh7 Ke5 36. Bg8 f6 37. Be6 a5 38. Kd3 Bb2 39. a4 Nf1 40. Nf2 Bd4 41. Ne4 Ne3 42. g3 Nxd5 43. Bxd5 Kxd5 44. f4 Ke6 45. Nd2 d5 46. f5+ Kd6 47. Nb1 Be5 48. Na3 Bxg3 49. Nb5+ Ke5 50. Ke3 d4+ 51. Kf3 Bf4 52. Nc7 d3 53. Ne6 Kd5 54. Kf2 b6 55. Ng7 Kd4 56. Ne8 Kc3 57. Nxf6 Kc2 58. Ne4 d2 59. Nxd2 Kxd2 60. f6 Bd6 61. Kf3 Kc3 62. Ke4 Kxb3 63. Kf5 c4 64. Kg6 c3 65. Kxh6 c2 66. Kxg5 c1Q+ 67. Kg6 Qf4 68. g5 Qe4+ 69. Kg7 Be5 70. g6 Qf5 71. Kh7 Qxf6 72. Kh6 Qg7+ 73. Kh5 0-1

[Event "Madrid-ch U12"]
[Site "Madrid"]
[Date "2016.04.23"]
[Round "5.6"]
[White "Alvarez Poves, Jesus"]
[Black "Garcia Pardo, Celia"]
[Result "1-0"]
[WhiteElo "1626"]
[BlackElo "1194"]
[PlyCount "145"]
[EventDate "2016.04.16"]
[EventType "swiss"]
[EventRounds "7"]
[EventCountry "ESP"]
[SourceTitle "EXT 2024"]
[Source "ChessBase"]
[SourceDate "2023.10.10"]
[SourceVersion "1"]
[SourceVersionDate "2023.10.10"]
[SourceQuality "1"]

1. d4 d5 2. c4 c6 3. Nf3 Nf6 4. Nc3 e6 5. Bd2 Nbd7 6. c5 e5 7. e3 e4 8. Ng1 b6 9. b4 a5 10. a3 Ba6 11. Bxa6 Rxa6 12. Nge2 Be7 13. 0-0 0-0 14. Nf4 Qc7 15. Qb3 Rfa8 16. Qb2 Nf8 17. Rfb1 Ng6 18. Nfe2 Ng4 19. g3 Qd7 20. cxb6 Rxb6 21. Na4 Qf5 22. Nf4 Rbb8 23. Qc2 axb4 24. axb4 Ra6 25. Nc5 Rxa1 26. Rxa1 Nxf4 27. exf4 Qh5 28. h4 h6 29. Ra7 g5 30. Rxe7 gxh4 31. Bc3 hxg3 32. fxg3 Kf8 33. Nd7+ Kxe7 34. Nxb8 Kd6 35. b5 cxb5 36. Bb4+ Ke6 37. Qc6+ Kf5 38. Qxd5+ Kg6 39. Qxh5+ Kxh5 40. Nc6 Nf6 41. Na7 Kg4 42. Kg2 Nd5 43. Be1 b4 44. Nb5 b3 45. Nc3 b2 46. Nb1 f6 47. Bc3 Nxc3 48. Nxc3 Kf5 49. Kf2 Ke6 50. Ke3 f5 51. Kd2 h5 52. Kc2 b1Q+ 53. Kxb1 Kd6 54. Kb2 Ke6 55. Kb3 Kd6 56. Kb4 Kc6 57. Kc4 Kd6 58. d5 Kd7 59. Kd4 Kd6 60. Ne2 e3 61. Nc3 Kd7 62. Kxe3 Ke7 63. Kd4 Kd6 64. Nb5+ Kd7 65. Ke5 Ke7 66. Kxf5 Kf7 67. d6 Kf8 68. Ke6 Ke8 69. d7+ Kd8 70. f5 h4 71. f6 hxg3 72. f7 g2 73. f8Q# 1-0

[Event "Madrid-ch U12"]
[Site "Madrid"]
[Date "2016.04.17"]
[Round "4.5"]
[White "Alvarez Poves, Jesus"]
[Black "Fernandez Estremera, Fernando"]
[Result "0-1"]
[WhiteElo "1626"]
[BlackElo "1750"]
[PlyCount "134"]
[EventDate "2016.04.16"]
[EventType "swiss"]
[EventRounds "7"]
[EventCountry "ESP"]
[SourceTitle "EXT 2024"]
[Source "ChessBase"]
[SourceDate "2023.10.10"]
[SourceVersion "1"]
[SourceVersionDate "2023.10.10"]
[SourceQuality "1"]

1. d4 Nf6 2. c4 e6 3. Nc3 Bb4 4. Bd2 0-0 5. Nf3 d6 6. Qc2 Nbd7 7. e4 e5 8. d5 Nc5 9. Bd3 Bg4 10. h3 Bxf3 11. gxf3 Nh5 12. Ne2 Bxd2+ 13. Qxd2 Qf6 14. Qe3 Nf4 15. Nxf4 exf4 16. Qd2 Nxd3+ 17. Qxd3 Qxb2 18. 0-0 Qf6 19. Kh2 Rfe8 20. Rg1 g6 21. Rab1 b6 22. Qd2 h5 23. Rg2 Kh7 24. Rbg1 Rac8 25. Rg5 c6 26. Qd3 Qb2 27. R1g2 Re5 28. Qb3 Qxb3 29. axb3 Rxg5 30. Rxg5 f6 31. Rg1 cxd5 32. exd5 Re8 33. Ra1 Re7 34. Ra2 Kg7 35. Kg2 h4 36. Kf1 g5 37. b4 Kg6 38. b5 Kf5 39. Rc2 Kg6 40. Ra2 Kh5 41. Rd2 f5 42. Kg2 Kg6 43. Kf1 Kf6 44. Ra2 Rc7 45. Rc2 Ke5 46. Ke2 Kd4 47. Rd2+ Kc3 48. Rd1 Rxc4 49. Ra1 Rc5 50. Rxa7 Rxb5 51. Rb7 Kd4 52. Rg7 Rxd5 53. Rxg5 b5 54. Kd2 Kc4+ 55. Kc1 b4 56. Rg8 Rb5 57. Kb2 d5 58. Rh8 d4 59. Rxh4 Rd5 60. Rxf4 Kb5 61. Kb3 Kc5 62. h4 Kd6 63. Kc2 Ke5 64. Rg4 fxg4 65. fxg4 d3+ 66. Kd2 b3 67. h5 b2 0-1

[Event "Madrid-ch U12"]
[Site "Madrid"]
[Date "2016.04.17"]
[Round "3.5"]
[White "Menendez Hernandez, Carlos"]
[Black "Alvarez Poves, Jesus"]
[Result "1-0"]
[WhiteElo "1485"]
[BlackElo "1626"]
[PlyCount "86"]
[EventDate "2016.04.16"]
[EventType "swiss"]
[EventRounds "7"]
[EventCountry "ESP"]
[SourceTitle "EXT 2024"]
[Source "ChessBase"]
[SourceDate "2023.10.10"]
[SourceVersion "1"]
[SourceVersionDate "2023.10.10"]
[SourceQuality "1"]

1. e4 c5 2. Nf3 Nc6 3. d4 cxd4 4. Nxd4 g6 5. Be3 Bg7 6. Nc3 Nf6 7. Bc4 d6 8. f3 0-0 9. 0-0 Ne5 10. Bb3 h5 11. h4 Nfd7 12. Qd2 Kh7 13. Bxf7 Rxf7 14. Ne6 Qg8 15. Ng5+ Kh8 16. Nxf7+ Qxf7 17. Qd5 Qxd5 18. Nxd5 Bf6 19. Nc7 Rb8 20. Bxa7 Bxh4 21. Bxb8 Nxb8 22. Nd5 Be6 23. Ne3 Nbc6 24. Kh2 Kg7 25. g3 Bf6 26. c3 Bc4 27. Nxc4 Nxc4 28. f4 Nd2 29. Rfe1 Nf3+ 30. Kg2 Nxe1+ 31. Rxe1 Na5 32. e5 dxe5 33. fxe5 Bg5 34. Rf1 Nc4 35. Re1 b6 36. Re4 Nxb2 37. Rb4 Nd3 38. Rxb6 Nxe5 39. a4 Bd2 40. Re6 Bxc3 41. Rxe7+ Kf6 42. Rb7 Ke6 43. Rb3 Bd4 1-0

[Event "Madrid-ch U12"]
[Site "Madrid"]
[Date "2016.04.16"]
[Round "1.6"]
[White "Dominguez Gonzalez, Jimena"]
[Black "Alvarez Poves, Jesus"]
[Result "0-1"]
[WhiteElo "1105"]
[BlackElo "1626"]
[PlyCount "112"]
[EventDate "2016.04.16"]
[EventType "swiss"]
[EventRounds "7"]
[EventCountry "ESP"]
[SourceTitle "EXT 2024"]
[Source "ChessBase"]
[SourceDate "2023.10.10"]
[SourceVersion "1"]
[SourceVersionDate "2023.10.10"]
[SourceQuality "1"]

1. e4 c5 2. Nf3 Nc6 3. Nc3 g6 4. Bc4 Bg7 5. Bd5 Nf6 6. Bxc6 bxc6 7. d3 0-0 8. 0-0 d5 9. Bg5 Bg4 10. h3 Bxf3 11. Qxf3 d4 12. Ne2 Rb8 13. b3 Nd7 14. Qg3 Re8 15. Qh4 f6 16. Bh6 a5 17. Nf4 e5 18. Ne2 a4 19. f4 exf4 20. Bxg7 Kxg7 21. Nxf4 g5 22. Qg3 Qe7 23. Nh5+ Kg6 24. Qf3 Rf8 25. g4 Qe6 26. h4 Ne5 27. Qf5+ Qxf5 28. exf5+ Kh6 29. hxg5+ fxg5 30. Ng3 Nxg4 31. bxa4 Ne3 32. Rf2 Ra8 33. f6 Rxa4 34. a3 c4 35. Rb1 Ng4 36. Rff1 Rxf6 37. Rb6 Rxf1+ 38. Nxf1 Ne5 39. Ng3 cxd3 40. cxd3 Rxa3 41. Nf5+ Kh5 42. Nxd4 Rxd3 43. Nxc6 Nxc6 44. Rxc6 Kg4 45. Rc4+ Kg3 46. Kf1 Rf3+ 47. Kg1 h5 48. Rc2 g4 49. Rg2+ Kf4 50. Kh2 h4 51. Rc2 Rd3 52. Rc4+ Kf3 53. Rc1 Rd2+ 54. Kh1 g3 55. Rf1+ Rf2 56. Rg1 Rh2# 0-1